Someday angeline / (Record no. 3810)

MARC details
000 -LEADER
fixed length control field 00729nam a22002417a 4500
001 - CONTROL NUMBER
control field 3810
003 - CONTROL NUMBER IDENTIFIER
control field FISKH
005 - DATE AND TIME OF LATEST TRANSACTION
control field 20240510104243.0
008 - FIXED-LENGTH DATA ELEMENTS--GENERAL INFORMATION
fixed length control field 240510b cb ||||| |||| 00| 0 eng d
040 ## - CATALOGING SOURCE
Original cataloging agency FISK
Language of cataloging eng
Transcribing agency FISK
Modifying agency FISK
050 ## - LIBRARY OF CONGRESS CALL NUMBER
Classification number PZ7.S1185
082 ## - DEWEY DECIMAL CLASSIFICATION NUMBER
Classification number 823.4
100 ## - MAIN ENTRY--PERSONAL NAME
Personal name Sachar Louis
Dates associated with a name 1954-
245 ## - TITLE STATEMENT
Title Someday angeline /
Statement of responsibility, etc. Louis Sachar
260 ## - PUBLICATION, DISTRIBUTION, ETC.
Place of publication, distribution, etc. New York :
Name of publisher, distributor, etc. An avon camelot book,
Date of publication, distribution, etc. 1983
300 ## - PHYSICAL DESCRIPTION
Extent 154 pages :
Other physical details illustrations,
Dimensions 20 cm
505 ## - FORMATTED CONTENTS NOTE
Formatted contents note K
520 ## - SUMMARY, ETC.
Summary, etc. As an eight-year-old genius in the sixth grade, Angeline is not too popular, but she tries to adjust to being different.
521 8# - TARGET AUDIENCE NOTE
Target audience note 610
Source Lexiles
700 ## - ADDED ENTRY--PERSONAL NAME
Personal name Louis Sachar
942 ## - ADDED ENTRY ELEMENTS (KOHA)
Source of classification or shelving scheme Dewey Decimal Classification
Koha item type Books
Suppress in OPAC No
Holdings
Withdrawn status Lost status Source of classification or shelving scheme Damaged status Not for loan Home library Current library Shelving location Date acquired Total Checkouts Full call number Barcode Date last seen Copy number Price effective from Koha item type
    Dewey Decimal Classification     Footprints International School Library Network Toul Kork Campus Footprints International School Library Network Toul Kork Campus   05/10/2024   SAC PZ7.S1185 823.4 2024-0602 05/10/2024 1 05/10/2024 Books